000 00450cam a2200181ua 4500
003 OSt
008 250422b |||||||| |||| 00| 0 eng d
041 _aeng
082 _a624.028
_bVAZ/CO
100 _aVazirani, V N .
_91702
245 _aConcise handbook of civil engineering /
250 _a1 /
260 _aNew Delhi :
_bS.Chand & Sons ,
_c1993.
300 _a984 ; .
500 _a*CSS
700 1 _aChandala, S P .
_97408
942 _cBK
999 _c10660
_d10660